书目信息 |
| 题名: |
函数型数据分析
|
|
| 作者: | 拉姆齐, , Silverman, 著 | |
| 分册: | ||
| 出版信息: | 北京 科学出版社 2006.03 |
|
| 页数: | 17, 426页 | |
| 开本: | 25cm | |
| 丛书名: | 国外数学名著系列 | |
| 单 册: | ||
| 中图分类: | O212.1 | |
| 科图分类: | ||
| 主题词: | 函数--han shu--数据分析 (数学) , 曲线--qu xian--线性回归 | |
| 电子资源: | ||
| ISBN: | 7-03-016693-0 | |
| 000 | 01050nam 2200289 450 | |
| 001 | 012006279530 | |
| 005 | 20060701090417.45 | |
| 010 | @a7-03-016693-0@b精装@dCNY68.00 | |
| 100 | @a20060518d2006 km y0chiy0120 ea | |
| 101 | 0 | @aeng |
| 102 | @aCN@b110000 | |
| 105 | @ay z 000yy | |
| 200 | 1 | @a函数型数据分析@Ahan shu xing shu ju fen xi@f(加) J.O.Ramsay, B.W.Silverman [著]@F(jia)J.O.Ramsay,B.W.Silverman[zhu] |
| 210 | @a北京@c科学出版社@d2006.03 | |
| 215 | @a17, 426页@d25cm | |
| 225 | 2 | @a国外数学名著系列@Aguo wai shu xue ming zhu xi lie |
| 305 | @a据原书第2版译出 | |
| 306 | @a本书英文影印版由德国施普林格出版公司授权出版 | |
| 330 | @a本书主要介绍了经典的线性回归方法、主成分分析、线性建模、典型相关分析及特殊泛函技巧等。 | |
| 410 | 0 | @12001 @a国外数学名著系列 |
| 606 | 0 | @a函数@Ahan shu@x数据分析 (数学) |
| 606 | 0 | @a曲线@Aqu xian@x线性回归 |
| 690 | @aO212.1@v4 | |
| 701 | 1 | @a拉姆齐,@Ala mu qi,@bJ. O.@g(Ramsay, J. O.)@4著 |
| 701 | 1 | @aSilverman,@bB. W.@4著 |
| 801 | 0 | @aCN@bQSSK@c20060701 |
| 905 | @a10447@dO212.1@eL008 | |
| 函数型数据分析/(加) J.O.Ramsay, B.W.Silverman [著].-北京:科学出版社,2006.03 |
| 17, 426页;25cm.-(国外数学名著系列) |
| ISBN 7-03-016693-0(精装):CNY68.00 |
| 本书主要介绍了经典的线性回归方法、主成分分析、线性建模、典型相关分析及特殊泛函技巧等。 |
| ● |
| 相关链接 |
|
|
|
正题名:函数型数据分析
索取号:O212.1/L008
 
预约/预借
| 序号 | 登录号 | 条形码 | 馆藏地/架位号 | 状态 | 备注 |
| 1 | 581033 | 205810336 | 数理学院资料室/ [索取号:O212.1/L008] | 在馆 |